000 00400nam a2200169Ia 4500
008 230524s9999 xx 000 0 und d
020 _a8176350788
082 _a4.133
_bCOL
100 _aRafe Colburn
245 0 _aCGI Programming in A Week
250 _a2ND
260 _aNEW DELHI
_bTechmedia
_c2006
300 _aXIV;368
500 _aQuantity Number: 10
650 _aComp-Sc
942 _cBK
999 _c38335
_d38335